000 00406nam a2200169Ia 4500
001 22966
003 IN-NITTTR
005 20251114233258.0
008 251113s9999||||xx |||||||||||||| ||eng||
040 _beng
040 _cIN-NITTTR
041 _aeng
082 _a005.133 S33L
100 _aSpencer, Donald D
245 0 _aLearning Turbo pascal :
_b a word text /
_cSpencer, Donald D
942 _2ddc
_cBK
999 _c25595
_d25595